000 00239nam a22000737a 4500
999 _c23983
_d23983
003 Nust
005 20170515121038.0
008 140429b xxu||||| |||| 00| 0 eng d
020 _cAvailable
_a8177582844
040 _aDLC
_bDLC
_cRCMS
082 _a621.38 BOL
100 _aBolton W
_9716
245 _aMechatronics
_b electronic control systems in mechanical and electrical engineering
250 _a3rd,ed.
260 _aIndia
_bPearson Education
_cc2006
300 _ax,690,p:
_bill:
_c26,cm.
538 _iShelf # 15, Row # 3, Communication.
650 _aElectrical Engineering
_9208
856 _3Table of Content Only
942 _2ddc
_cBK